Football : Vainqueurs de la Ligue 1 - Statistiques

Statistiques générales
  • Ce quiz a été pris 68 fois
    4 depuis la dernière actualisation
  • Le résultat moyen est 85 sur 87
Statistiques - réponses
Année Vainqueur % Correct
2017 AS Monaco
100%
2000 AS Monaco
100%
1997 AS Monaco
100%
1988 AS Monaco
100%
1982 AS Monaco
100%
1978 AS Monaco
100%
1963 AS Monaco
100%
1961 AS Monaco
100%
1981 AS Saint-Étienne
100%
1976 AS Saint-Étienne
100%
1975 AS Saint-Étienne
100%
1974 AS Saint-Étienne
100%
1970 AS Saint-Étienne
100%
1969 AS Saint-Étienne
100%
1968 AS Saint-Étienne
100%
1967 AS Saint-Étienne
100%
1964 AS Saint-Étienne
100%
1957 AS Saint-Étienne
100%
2001 FC Nantes
100%
1995 FC Nantes
100%
1983 FC Nantes
100%
1980 FC Nantes
100%
1977 FC Nantes
100%
1973 FC Nantes
100%
1966 FC Nantes
100%
1965 FC Nantes
100%
2009 Girondins de Bordeaux
100%
1999 Girondins de Bordeaux
100%
1987 Girondins de Bordeaux
100%
1985 Girondins de Bordeaux
100%
1984 Girondins de Bordeaux
100%
1950 Girondins de Bordeaux
100%
2021 Lille OSC
100%
2011 Lille OSC
100%
1954 Lille OSC
100%
1946 Lille OSC
100%
2012 Montpellier HSC
100%
1959 OGC Nice
100%
1956 OGC Nice
100%
1952 OGC Nice
100%
1951 OGC Nice
100%
2010 Olympique de Marseille
100%
1992 Olympique de Marseille
100%
1991 Olympique de Marseille
100%
1990 Olympique de Marseille
100%
1989 Olympique de Marseille
100%
1972 Olympique de Marseille
100%
1971 Olympique de Marseille
100%
1948 Olympique de Marseille
100%
1937 Olympique de Marseille
100%
1933 Olympique lillois
100%
2008 Olympique lyonnais
100%
2007 Olympique lyonnais
100%
2006 Olympique lyonnais
100%
2005 Olympique lyonnais
100%
2004 Olympique lyonnais
100%
2003 Olympique lyonnais
100%
2002 Olympique lyonnais
100%
2026 Paris Saint-Germain
100%
2025 Paris Saint-Germain
100%
2024 Paris Saint-Germain
100%
2023 Paris Saint-Germain
100%
2022 Paris Saint-Germain
100%
2020 Paris Saint-Germain
100%
2019 Paris Saint-Germain
100%
2018 Paris Saint-Germain
100%
2016 Paris Saint-Germain
100%
2015 Paris Saint-Germain
100%
2014 Paris Saint-Germain
100%
2013 Paris Saint-Germain
100%
1994 Paris Saint-Germain
100%
1986 Paris Saint-Germain
100%
1998 RC Lens
100%
1979 RC Strasbourg
100%
1962 Stade de Reims
100%
1960 Stade de Reims
100%
1958 Stade de Reims
100%
1955 Stade de Reims
100%
1953 Stade de Reims
100%
1949 Stade de Reims
100%
1996 AJ Auxerre
75%
1939 FC Sète
75%
1934 FC Sète
75%
1938 FC Sochaux-Montbéliard
75%
1935 FC Sochaux-Montbéliard
75%
1936 RC Paris
75%
1947 CO Roubaix-Tourcoing
25%
Aucun quiz correspondant
Distribution des résultats
% des personnes avec chaque résultat
Percentile par nombre de réponses
Votre historique - résultats
Vous n’avez pas pris ce quiz depuis la dernière actualisation